| 000 | 00571nam a22001937a 4500 | ||
|---|---|---|---|
| 005 | 20130913144652.0 | ||
| 010 | _aENG-108147 | ||
| 020 |
_a9788170589747 _c250.00 |
||
| 035 | _aEN-91680 | ||
| 037 | _bDBAD/PUB | ||
| 082 | _a181.499 | ||
| 100 | _aSri Aurobindo | ||
| 245 |
_aEssays in Philosophy and Yoga / _cby Sri Aurobindo |
||
| 250 | _a2nd ed | ||
| 260 |
_aPondicherry _bSri Aurobindo Ashram _c2012 |
||
| 270 |
_bPondicherry _e605002 _aSri Aurobindo Ashram Publication Department |
||
| 300 |
_a604p. _c22cm(pbk) |
||
| 942 |
_2ddc _cEN _mAUR _h181.499 |
||
| 999 |
_c78072 _d78072 |
||